Skład reprezentacji Polski mężczyzn na Igrzyskach Olimpijskich 2024 - Statystyki

Ogólne statystyki
  • Ten quiz został rozwiązany 462 razy
  • Średni wynik to 11 z 13
Statystyki odpowiedzi
Numer Imię i nazwisko Wzrost Klub Pozycja % Poprawnych
9 Wilfredo Leon 201 cm Bogdanka LUK Lublin Przyjmujący
98%
6 Bartosz Kurek 205 cm ZAKSA Kędzierzyn-Koźle Atakujący
97%
21 Tomasz Fornal 200 cm Jastrzębski Węgiel Przyjmujący
95%
17 Paweł Zatorski 184 cm Resovia Libero
94%
15 Jakub Kochanowski 199 cm Resovia Środkowy
90%
20 Mateusz Bieniek 210 cm Aluron CMC Warta Zawiercie Środkowy
86%
11 Aleksander Śliwka 196 cm ZAKSA Kędzierzyn-Koźle Przyjmujący
85%
12 Grzegorz Łomacz 187 cm Skra Bełchatów Rozgrywający
85%
19 Marcin Janusz 199 cm ZAKSA Kędzierzyn-Koźle Rozgrywający
85%
99 Norbert Huber 207 cm Jastrzębski Węgiel Środkowy
84%
16 Kamil Semeniuk 194 cm Sir Safety Perugia Przyjmujący
83%
5 Łukasz Kaczmarek 204 cm ZAKSA Kędzierzyn-Koźle Atakujący
83%
30 Bartłomiej Bołądź 205 cm Projekt Warszawa Atakujący
74%
Nie znaleziono quizów pasujących do podanych kryteriów
Rozkład punktacji
Procent ludzi z każdym wynikiem
Percentyl według liczby udzielonych odpowiedzi
Twoja historia wyników
Nie rozwiązałeś tego quizu